Review of fisheries in OECD countries 2009 policies and summary statistics
Salvato in:
| Natura: | Libro |
|---|---|
| Lingua: | inglese |
| Pubblicazione: |
Paris
OECD
2010
|
| Soggetti: | |
| Tags: |
Nessun Tag, puoi essere il primo ad aggiungerne!!
|
MARC
| LEADER | 00000nam$a2200000$$$4500 | ||
|---|---|---|---|
| 001 | 0125298 | ||
| 005 | 20221108071408.8 | ||
| 020 | |a 978-92-64-07974-8 | ||
| 041 | 0 | |a eng | |
| 044 | |a FR | ||
| 245 | 1 | 0 | |a Review of fisheries in OECD countries 2009 |b policies and summary statistics |
| 264 | 1 | |a Paris |b OECD |c 2010 | |
| 300 | |a 408 s. | ||
| 610 | 2 | 0 | |a priemysel rybný |
| 610 | 2 | 0 | |a rybárstvo |
| 610 | 2 | 0 | |a rybolov |
| 610 | 2 | 0 | |a porovnanie medzinárodné |
| 610 | 2 | 0 | |a údaje štatistické |